[Event "20. Open d'escacs de Sants 2018"]
[Site "Barcelona ESP"]
[Date "2018.08.24"]
[Round "8.8"]
[White "SVIRIDOV, Valery"]
[Black "SVETUSHKIN, Dmitry"]
[Result "1/2-1/2"]
[WhiteElo "2528"]
[BlackElo "2580"]
[PlyCount "163"]
[EventDate "2018.08.17"]
[EventType "swiss"]
[EventRounds "10"]
[EventCountry "ESP"]
[SourceTitle "Ajedrez en Madrid"]
[Source "lmi"]
[SourceDate "2018.08.17"]
[SourceVersion "1"]
[SourceVersionDate "2019.07.10"]
[SourceQuality "1"]

1. d4 d5 2. c4 c6 3. Nf3 Nf6 4. Nc3 e6 5. e3 a6 6. Be2 dxc4 7. Bxc4 b5 8. Bd3
c5 9. dxc5 Bxc5 10. O-O Bb7 11. a3 Nbd7 12. b4 Be7 13. Bb2 Rc8 14. Qe2 O-O 15.
Rfd1 Qc7 16. Rac1 Qb8 17. Nd2 Ne5 18. Bb1 Rfd8 19. h3 Qa8 20. f4 Ng6 21. Qf2
Rd7 22. f5 Nf8 23. Nb3 Rxd1+ 24. Rxd1 Qb8 25. Nd4 Kh8 26. fxe6 fxe6 27. Rf1 Qe5
28. e4 Ng6 29. Nf3 Qf4 30. Ne2 Qc7 31. Ng5 Qc4 32. e5 Ne4 33. Bxe4 Bxe4 34.
Nf7+ Kg8 35. Nd6 Bxd6 36. Qf7+ Kh8 37. exd6 e5 38. d7 Rd8 39. Bxe5 Qxf7 40.
Rxf7 Nxe5 41. Re7 Bg6 42. Rxe5 Rxd7 43. Re6 Ra7 44. Nd4 Kg8 45. Rd6 Be4 46. Ne6
Bf5 47. Nc5 a5 48. Rb6 axb4 49. axb4 Bd7 50. Nxd7 Rxd7 51. Rxb5 Rd1+ 52. Kf2
Rd2+ 53. Kf3 Rb2 54. Rb7 h5 55. h4 Kh7 56. g3 Kg6 57. Rb6+ Kf5 58. Rb5+ Kf6 59.
Kf4 Rb3 60. Rf5+ Ke6 61. Re5+ Kf6 62. Rb5 g6 63. Rb7 Ke6 64. Rb6+ Kf7 65. b5
Kg7 66. Rb7+ Kf6 67. Rb6+ Kf7 68. Ke5 Re3+ 69. Kf4 Rb3 70. Rb8 Kf6 71. b6 Rb4+
72. Ke3 Kf5 73. b7 Rb3+ 74. Kd4 Kg4 75. Rg8 Rxb7 76. Rxg6+ Kf5 77. Rg5+ Kf6 78.
Ke4 Rh7 79. Kf4 Rh8 80. Ra5 Kg6 81. Ra6+ Kh7 82. Ke4 1/2-1/2

[Event "20. Open d'escacs de Sants 2018"]
[Site "Barcelona ESP"]
[Date "2018.08.24"]
[Round "8.9"]
[White "CRUZ, Cristhian"]
[Black "ANURAG, Mhamal"]
[Result "0-1"]
[WhiteElo "2571"]
[BlackElo "2484"]
[PlyCount "74"]
[EventDate "2018.08.17"]
[EventType "swiss"]
[EventRounds "10"]
[EventCountry "ESP"]
[SourceTitle "Ajedrez en Madrid"]
[Source "lmi"]
[SourceDate "2018.08.17"]
[SourceVersion "1"]
[SourceVersionDate "2019.07.10"]
[SourceQuality "1"]

1. e4 c5 2. Nf3 e6 3. d4 cxd4 4. Nxd4 Nc6 5. Nc3 Qc7 6. Qd3 a6 7. Be2 Nf6 8. a3
Nxd4 9. Qxd4 Bd6 10. Qe3 b5 11. f4 Bb7 12. Bf3 Bc5 13. Qd3 d5 14. e5 Ne4 15.
Bxe4 dxe4 16. Qe2 O-O-O 17. Be3 g5 18. Bxc5 Qxc5 19. Nxe4 Bxe4 20. Qxe4 Rd4 21.
Qa8+ Kc7 22. Qxh8 Re4+ 23. Kd1 Qe3 24. Qxh7 Rd4+ 25. Qd3 Rxd3+ 26. cxd3 Qxd3+
27. Kc1 Qc4+ 28. Kb1 Qxf4 29. Rc1+ Kb6 30. a4 bxa4 31. Ra3 Kb5 32. Rac3 Qxe5
33. g3 g4 34. b3 Kb4 35. Rc6 Ka3 36. R1c2 Qe1+ 37. Rc1 Qe4+ 0-1

[Event "20. Open d'escacs de Sants 2018"]
[Site "Barcelona ESP"]
[Date "2018.08.24"]
[Round "8.10"]
[White "YANKELEVICH, Lev"]
[Black "MOUSSARD, Jules"]
[Result "0-1"]
[WhiteElo "2420"]
[BlackElo "2566"]
[PlyCount "80"]
[EventDate "2018.08.17"]
[EventType "swiss"]
[EventRounds "10"]
[EventCountry "ESP"]
[SourceTitle "Ajedrez en Madrid"]
[Source "lmi"]
[SourceDate "2018.08.17"]
[SourceVersion "1"]
[SourceVersionDate "2019.07.10"]
[SourceQuality "1"]

1. d4 d6 2. e4 Nf6 3. Nc3 g6 4. f4 Bg7 5. Bd3 O-O 6. Nf3 Bg4 7. Be2 Nc6 8. d5
Nb8 9. h3 Bxf3 10. Bxf3 c6 11. Be3 Nbd7 12. O-O Qa5 13. Qe2 Rac8 14. a4 cxd5
15. exd5 a6 16. Bd2 Qc5+ 17. Be3 Qc4 18. Rfe1 Rfe8 19. Qd1 Qb4 20. Ra3 Nc5 21.
a5 Nfd7 22. Qa1 b6 23. Bd2 bxa5 24. Re2 Rb8 25. Ra2 Nb6 26. Na4 Qc4 27. Nxb6
Rxb6 28. Bxa5 Rb5 29. Bd2 Bxb2 30. Rxb2 Qd4+ 31. Kh2 Qxb2 32. Qe1 Qxc2 33. Bc3
Qd3 34. Bf6 Rb1 35. Qf2 Qf5 36. Bg5 Rb4 37. Qe1 Nd3 38. Qc3 Rxf4 39. Bh6 Ne5
40. g4 Rxf3 0-1

[Event "20. Open d'escacs de Sants 2018"]
[Site "Barcelona ESP"]
[Date "2018.08.24"]
[Round "8.11"]
[White "MARTINEZ ALCANTARA, Jose Eduardo"]
[Black "NEEF, Maximilian"]
[Result "1-0"]
[WhiteElo "2561"]
[BlackElo "2463"]
[PlyCount "130"]
[EventDate "2018.08.17"]
[EventType "swiss"]
[EventRounds "10"]
[EventCountry "ESP"]
[SourceTitle "Ajedrez en Madrid"]
[Source "lmi"]
[SourceDate "2018.08.17"]
[SourceVersion "1"]
[SourceVersionDate "2019.07.10"]
[SourceQuality "1"]

1. Nf3 Nf6 2. c4 g6 3. g3 Bg7 4. Bg2 O-O 5. O-O d6 6. d4 Nc6 7. Nc3 a6 8. Bf4
Rb8 9. Rc1 Bd7 10. a3 h6 11. h3 Qc8 12. Kh2 b5 13. cxb5 axb5 14. b4 g5 15. Bd2
e5 16. dxe5 dxe5 17. Ne1 e4 18. Be3 Ne5 19. Bd4 Re8 20. Nc2 Bf5 21. Ne3 Bg6 22.
Qb3 c6 23. Rfd1 Qb7 24. Qb2 Qe7 25. Nb1 Qc7 26. Nd2 h5 27. Kg1 h4 28. g4 Rbd8
29. Ndf1 Nd5 30. Nxd5 Rxd5 31. Ne3 Rd7 32. Bc3 Red8 33. Rxd7 Rxd7 34. Qa1 Bf6
35. a4 bxa4 36. Qxa4 Qd6 37. Qa1 Kg7 38. Qb1 Qe6 39. Bxe4 Re7 40. Bf5 Qd6 41.
Rd1 Qb8 42. Qb2 Kh7 43. Qc2 Bg7 44. Bxe5 Rxe5 45. Qxc6 Bxf5 46. Nxf5 Qxb4 47.
Qf3 Qa4 48. Qd3 Qb5 49. Qxb5 Rxb5 50. Rd7 Kg8 51. Kg2 Bf8 52. Ne3 Kg7 53. Rd5
Rxd5 54. Nxd5 Ba3 55. Kf3 Kg6 56. Ne3 Kf6 57. Ke4 Bc5 58. Nd5+ Kg6 59. e3 Ba3
60. f4 Bc1 61. Ne7+ Kf6 62. Nf5 Ba3 63. Nd4 Kg6 64. Nf3 f6 65. fxg5 fxg5 1-0

[Event "20. Open d'escacs de Sants 2018"]
[Site "Barcelona ESP"]
[Date "2018.08.24"]
[Round "8.12"]
[White "VOLKOV, Sergey"]
[Black "LODICI, Lorenzo"]
[Result "1-0"]
[WhiteElo "2557"]
[BlackElo "2447"]
[PlyCount "81"]
[EventDate "2018.08.17"]
[EventType "swiss"]
[EventRounds "10"]
[EventCountry "ESP"]
[SourceTitle "Ajedrez en Madrid"]
[Source "lmi"]
[SourceDate "2018.08.17"]
[SourceVersion "1"]
[SourceVersionDate "2019.07.10"]
[SourceQuality "1"]

1. d4 Nf6 2. c4 e6 3. Nc3 Bb4 4. e3 O-O 5. Nge2 Re8 6. a3 Bf8 7. g3 d5 8. cxd5
exd5 9. Bg2 c6 10. O-O a5 11. Bd2 Na6 12. Rc1 Nc7 13. Nf4 Ne6 14. Nd3 b6 15.
Qc2 Bb7 16. Rfd1 Rc8 17. b4 axb4 18. axb4 Bd6 19. Qb3 b5 20. Nc5 Nxc5 21. dxc5
Bc7 22. e4 Nxe4 23. Nxe4 dxe4 24. Bf4 Qf6 25. Bd6 Bxd6 26. Rxd6 Qf5 27. Re1 Re7
28. Qc2 Rce8 29. Bxe4 Qh3 30. Re3 g6 31. Bg2 Qc8 32. Rxe7 Rxe7 33. Qd2 Qf5 34.
h4 Kg7 35. Kh2 h6 36. f4 g5 37. Bh3 Qe4 38. Qc3+ Kh7 39. Rxh6+ Kxh6 40. Qh8+
Kg6 41. h5# 1-0

[Event "20. Open d'escacs de Sants 2018"]
[Site "Barcelona ESP"]
[Date "2018.08.24"]
[Round "8.17"]
[White "NARCISO DUBLAN, Marc"]
[Black "HOEFELSAUER, Thomas"]
[Result "0-1"]
[WhiteElo "2483"]
[BlackElo "2339"]
[PlyCount "114"]
[EventDate "2018.08.17"]
[EventType "swiss"]
[EventRounds "10"]
[EventCountry "ESP"]
[SourceTitle "Ajedrez en Madrid"]
[Source "lmi"]
[SourceDate "2018.08.17"]
[SourceVersion "1"]
[SourceVersionDate "2019.07.10"]
[SourceQuality "1"]

1. d4 d5 2. Bg5 h6 3. Bh4 c6 4. Nf3 Bf5 5. e3 Nd7 6. c4 Ngf6 7. cxd5 cxd5 8.
Nc3 g5 9. Bg3 e6 10. Be2 Bb4 11. Qb3 Qb6 12. O-O Bxc3 13. bxc3 Qxb3 14. axb3
Ne4 15. Rfc1 Nxg3 16. hxg3 Ke7 17. c4 Rhc8 18. c5 Bg4 19. Bb5 Bxf3 20. gxf3 a6
21. Bd3 Nb8 22. b4 Nc6 23. Rab1 Kd7 24. Kg2 h5 25. f4 gxf4 26. gxf4 f5 27. Kh3
Rg8 28. Rb2 Kc7 29. Rcb1 Rg7 30. b5 axb5 31. Bxb5 Nd8 32. Be2 Ra7 33. Kh2 Nc6
34. Bf3 Kc8 35. Rg1 Rxg1 36. Kxg1 h4 37. Kg2 Kc7 38. Kh3 Ra3 39. Rd2 Ra8 40.
Kxh4 Rg8 41. Rd1 b6 42. cxb6+ Kxb6 43. Kh5 Kc7 44. Kh6 Rh8+ 45. Kg5 Kd6 46. Rb1
Rb8 47. Rh1 Rb2 48. Rh2 Nb4 49. Kf6 Nd3 50. Rh7 Rxf2 51. Bh5 Rh2 52. Bg6 Rxh7
53. Bxh7 Nf2 54. Bxf5 exf5 55. Kxf5 Nd1 56. Kg6 Nxe3 57. f5 Nc2 0-1

[Event "20. Open d'escacs de Sants 2018"]
[Site "Barcelona ESP"]
[Date "2018.08.24"]
[Round "8.22"]
[White "DIAZ CAMALLONGA, Carles"]
[Black "CHAVEZ, Ricardo Ernesto"]
[Result "0-1"]
[WhiteElo "2445"]
[BlackElo "2244"]
[PlyCount "90"]
[EventDate "2018.08.17"]
[EventType "swiss"]
[EventRounds "10"]
[EventCountry "ESP"]
[SourceTitle "Ajedrez en Madrid"]
[Source "lmi"]
[SourceDate "2018.08.17"]
[SourceVersion "1"]
[SourceVersionDate "2019.07.10"]
[SourceQuality "1"]

1. e4 d5 2. exd5 Nf6 3. Nf3 Qxd5 4. d4 Bg4 5. Be2 Nc6 6. Be3 O-O-O 7. Nbd2 Qf5
8. c4 e5 9. d5 Nb4 10. Rc1 e4 11. Nd4 Qg6 12. Kf1 Nd3 13. Rc3 Bb4 14. Rb3 Bxe2+
15. Nxe2 Bxd2 16. Qxd2 Ng4 17. Nd4 Rd6 18. h3 Nxe3+ 19. fxe3 Rf6+ 20. Kg1 Qg3
21. Rxd3 exd3 22. h4 Re8 23. Rh3 Qg6 24. b3 Qe4 25. Nb5 a6 26. Nc3 Qf5 27. Rf3
Qe5 28. Rh3 Qf5 29. Rf3 Qg4 30. Rxf6 gxf6 31. Qxd3 Qxh4 32. Kf1 Re5 33. d6 cxd6
34. Nd5 Qe4 35. Qd2 Kb8 36. Kg1 Ka7 37. Qa5 Qb1+ 38. Kh2 Rh5+ 39. Kg3 Rg5+ 40.
Kh2 Rh5+ 41. Kg3 Qg6+ 42. Kf2 Qc2+ 43. Kg1 Qc1+ 44. Kf2 Rf5+ 45. Kg3 Qxe3+ 0-1

[Event "20. Open d'escacs de Sants 2018"]
[Site "Barcelona ESP"]
[Date "2018.08.25"]
[Round "9.1"]
[White "DEMCHENKO, Anton"]
[Black "MARTINEZ ALCANTARA, Jose Eduardo"]
[Result "1/2-1/2"]
[WhiteElo "2670"]
[BlackElo "2561"]
[PlyCount "206"]
[EventDate "2018.08.17"]
[EventType "swiss"]
[EventRounds "10"]
[EventCountry "ESP"]
[SourceTitle "Ajedrez en Madrid"]
[Source "lmi"]
[SourceDate "2018.08.17"]
[SourceVersion "1"]
[SourceVersionDate "2019.07.10"]
[SourceQuality "1"]

1. e4 e5 2. Nf3 Nc6 3. Bc4 Bc5 4. d3 Nf6 5. Bg5 h6 6. Bh4 Be7 7. a4 d6 8. Bg3
O-O 9. h3 a6 10. O-O Nh5 11. Bh2 Bf6 12. c3 g6 13. Re1 Bg7 14. Nbd2 Be6 15.
Bxe6 fxe6 16. b4 Qe8 17. Qb3 g5 18. b5 Na5 19. Qb4 b6 20. d4 exd4 21. cxd4 Qg6
22. Rac1 Rf7 23. Rc3 axb5 24. axb5 Ra7 25. Qb1 Nf6 26. e5 Qxb1 27. Rxb1 Nd5 28.
Rcc1 dxe5 29. Bxe5 Bxe5 30. Nxe5 Rf4 31. Ndf3 Nb7 32. Nc6 Ra8 33. Ne7+ Nxe7 34.
Rxc7 Nd5 35. Rxb7 Rf7 36. Rxf7 Kxf7 37. Ne5+ Kg7 38. Re1 Ra4 39. Nc6 Kf6 40.
Rb1 Nc3 41. Rb2 h5 42. g3 g4 43. Kg2 Kf5 44. hxg4+ hxg4 45. Rb3 Nd5 46. Rb1 Ra2
47. Re1 Nc3 48. Re5+ Kf6 49. Nd8 Re2 50. Rxe2 Nxe2 51. Nc6 Nc3 52. Ne5 Kf5 53.
Nc4 Nxb5 54. Nxb6 Nxd4 55. Nc4 Kg5 56. Kf1 Nf3 57. Ke2 Ng1+ 58. Ke3 Nh3 59. Nd6
Kf6 60. Ne4+ Ke5 61. Nc5 Kf5 62. Nb3 Ke5 63. Nc5 Kf5 64. Nd3 Ng5 65. Nf4 Nh3
66. Ng2 Kf6 67. Ke2 Kf5 68. Ne3+ Kg5 69. Kf1 Kh5 70. Kg2 Ng5 71. Nc4 Kg6 72.
Kf1 Nh3 73. Ke2 Kf5 74. Ke3 Kg5 75. Nd6 Kf6 76. Ne4+ Ke5 77. Kd3 Ng1 78. Nd2
Kf5 79. Nc4 Nh3 80. Ke2 Kg5 81. Kf1 Kg6 82. Kg2 Ng5 83. Ne3 Kh5 84. Kg1 Nf3+
85. Kf1 Ng5 86. Kg2 Nf3 87. Nc2 Kg6 88. Kf1 Ng5 89. Nd4 Kf6 90. Ke2 Nh3 91. Ke3
Ke5 92. Nb3 Kf5 93. Nd2 Kf6 94. Nc4 Kf5 95. Ke2 Kg6 96. Kf1 Ng5 97. Ne3 Kh5 98.
Ke1 Nh3 99. Ke2 Kg5 100. Kf1 Kh5 101. Nc2 Kg6 102. Kg2 Ng5 103. Ne3 Kh5 1/2-1/2

[Event "20. Open d'escacs de Sants 2018"]
[Site "Barcelona ESP"]
[Date "2018.08.25"]
[Round "9.2"]
[White "ANURAG, Mhamal"]
[Black "SWIERCZ, Dariusz"]
[Result "1-0"]
[WhiteElo "2484"]
[BlackElo "2669"]
[PlyCount "147"]
[EventDate "2018.08.17"]
[EventType "swiss"]
[EventRounds "10"]
[EventCountry "ESP"]
[SourceTitle "Ajedrez en Madrid"]
[Source "lmi"]
[SourceDate "2018.08.17"]
[SourceVersion "1"]
[SourceVersionDate "2019.07.10"]
[SourceQuality "1"]

1. d4 Nf6 2. c4 g6 3. g3 c6 4. Bg2 d5 5. cxd5 cxd5 6. Nf3 Bg7 7. O-O O-O 8. Ne5
e6 9. Nc3 Nfd7 10. f4 Nc6 11. Be3 Nb6 12. Bf2 Ne7 13. b3 Bd7 14. Rc1 Be8 15.
Qd2 Nbc8 16. e4 Nb6 17. a4 dxe4 18. Nxe4 Nbd5 19. Nc5 b6 20. Na6 f6 21. Nd3 Qd6
22. Rfe1 Rd8 23. Bh3 Bd7 24. b4 Nf5 25. b5 Rfe8 26. Qa2 Bf8 27. Bg2 Bc8 28. Rc6
Qd7 29. Bxd5 exd5 30. Rxe8 Qxe8 31. Nc7 Qf7 32. Nxd5 Qxd5 33. Qxd5+ Rxd5 34.
Rxc8 Nxd4 35. Nb4 Rd7 36. Na6 Ne6 37. Ra8 Rb7 38. a5 bxa5 39. Nc5 Nxc5 40. Bxc5
Rf7 41. Bxf8 Rxf8 42. Rxa7 Rb8 43. Rxa5 Kf7 44. Kf2 Ke6 45. Kf3 f5 46. Kg2 Rc8
47. Ra2 Rc4 48. Rb2 Kd7 49. b6 Kc8 50. b7+ Kb8 51. Kh3 Rc6 52. Kh4 h6 53. Rb4
Re6 54. g4 fxg4 55. Kxg4 Rc6 56. Rb5 Rc4 57. Rb6 g5 58. Rxh6 gxf4 59. Rh7 Rb4
60. h4 Rb1 61. Kxf4 Rh1 62. Kg5 Rg1+ 63. Kh6 Rc1 64. Rf7 Rc6+ 65. Kg7 Rc5 66.
Kg6 Rc6+ 67. Rf6 Rc1 68. h5 Rg1+ 69. Kf7 Rh1 70. h6 Kxb7 71. Kg7 Kc7 72. h7
Rg1+ 73. Rg6 Rh1 74. h8=Q 1-0

[Event "20. Open d'escacs de Sants 2018"]
[Site "Barcelona ESP"]
[Date "2018.08.25"]
[Round "9.3"]
[White "VOLKOV, Sergey"]
[Black "GLEDURA, Benjamin"]
[Result "1-0"]
[WhiteElo "2557"]
[BlackElo "2626"]
[PlyCount "111"]
[EventDate "2018.08.17"]
[EventType "swiss"]
[EventRounds "10"]
[EventCountry "ESP"]
[SourceTitle "Ajedrez en Madrid"]
[Source "lmi"]
[SourceDate "2018.08.17"]
[SourceVersion "1"]
[SourceVersionDate "2019.07.10"]
[SourceQuality "1"]

1. d4 Nf6 2. c4 g6 3. Nc3 d5 4. Nf3 Bg7 5. Qb3 dxc4 6. Qxc4 O-O 7. e4 Na6 8.
Be2 c5 9. d5 e6 10. O-O exd5 11. exd5 Re8 12. Rd1 Bf5 13. d6 h6 14. Be3 Qb6 15.
Qb3 Rad8 16. Bc4 Be6 17. Ne5 Bxc4 18. Nxc4 Qxb3 19. axb3 Rd7 20. Rxa6 bxa6 21.
Bxc5 Ne4 22. Nxe4 Rxe4 23. Kf1 f5 24. f3 Re8 25. b4 Rc8 26. Ra1 Rc6 27. Ke2 Kf7
28. Kd3 Ke6 29. Re1+ Kf7 30. Ra1 Ke6 31. f4 Bf6 32. g3 Kf7 33. h3 h5 34. Ra2
Ke6 35. b3 Kf7 36. Ke3 Ke6 37. Kf3 Kf7 38. g4 hxg4+ 39. hxg4 Rd8 40. Bxa7 Rdxd6
41. Nxd6+ Rxd6 42. g5 Bd4 43. Bc5 Bxc5 44. bxc5 Rd3+ 45. Ke2 Rxb3 46. Rxa6 Rb4
47. Rf6+ Ke7 48. Ke3 Rb3+ 49. Kd4 Rb4+ 50. Kd5 Rxf4 51. Rxg6 Rf1 52. Re6+ Kd7
53. c6+ Kc7 54. Re7+ Kb6 55. Rb7+ Ka6 56. Rb8 1-0

[Event "20. Open d'escacs de Sants 2018"]
[Site "Barcelona ESP"]
[Date "2018.08.25"]
[Round "9.4"]
[White "ILLESCAS CORDOBA, Miguel"]
[Black "VAIBHAV, Suri"]
[Result "1/2-1/2"]
[WhiteElo "2605"]
[BlackElo "2561"]
[PlyCount "142"]
[EventDate "2018.08.17"]
[EventType "swiss"]
[EventRounds "10"]
[EventCountry "ESP"]
[SourceTitle "Ajedrez en Madrid"]
[Source "lmi"]
[SourceDate "2018.08.17"]
[SourceVersion "1"]
[SourceVersionDate "2019.07.10"]
[SourceQuality "1"]

1. c4 e5 2. Nc3 Nf6 3. Nf3 Nc6 4. e3 Bb4 5. Qc2 Bxc3 6. Qxc3 Qe7 7. Be2 O-O 8.
O-O d5 9. d4 Bg4 10. dxe5 Nxe5 11. b3 Nxf3+ 12. Bxf3 Ne4 13. Bxe4 dxe4 14. Bb2
f6 15. f3 Bh5 16. fxe4 Qxe4 17. Qd4 Qc6 18. Rf5 Rfd8 19. Rd5 Qe8 20. Rf1 Bf7
21. Rxd8 Rxd8 22. Qf4 Bg6 23. Bd4 Qe7 24. c5 h6 25. h3 Rd5 26. Rf2 Be4 27. h4
Kh7 28. Qg4 a5 29. a3 Rd8 30. Rf4 Re8 31. b4 axb4 32. axb4 c6 33. Kh2 Bg6 34.
Qg3 Qf7 35. Rf2 Re4 36. Rf4 Re8 37. Rf2 Be4 38. Qg4 Qd5 39. Rf4 Bg6 40. Qf3 Be4
41. Qg4 h5 42. Qg3 Qf7 43. Rf2 Bg6 44. Rf4 Be4 45. Rf2 Re6 46. Qf4 Qe7 47. Kh3
Qd8 48. Qg3 Qd7 49. Kh2 Qe7 50. Kh3 Qd7 51. Kh2 Qd8 52. Kh3 Qe7 53. Qf4 Bb1 54.
Qg3 Bg6 55. Kh2 Qd7 56. Rf4 Qd5 57. Qf2 Be4 58. Qe2 Kh6 59. Qb2 Re8 60. Qf2 Kh7
61. Qg3 Bg6 62. Qf3 Qf7 63. Qg3 Be4 64. Rf2 Re6 65. Qf4 Bd5 66. Qg3 Re8 67. Rf4
Qe6 68. Qh3 Qxh3+ 69. Kxh3 Ra8 70. e4 Be6+ 71. Kh2 Kg6 1/2-1/2

[Event "20. Open d'escacs de Sants 2018"]
[Site "Barcelona ESP"]
[Date "2018.08.25"]
[Round "9.5"]
[White "MOUSSARD, Jules"]
[Black "PERALTA, Fernando"]
[Result "1-0"]
[WhiteElo "2566"]
[BlackElo "2556"]
[PlyCount "123"]
[EventDate "2018.08.17"]
[EventType "swiss"]
[EventRounds "10"]
[EventCountry "ESP"]
[SourceTitle "Ajedrez en Madrid"]
[Source "lmi"]
[SourceDate "2018.08.17"]
[SourceVersion "1"]
[SourceVersionDate "2019.07.10"]
[SourceQuality "1"]

1. e4 c6 2. d4 d5 3. Nc3 dxe4 4. Nxe4 Bf5 5. Qf3 e6 6. Ne2 Nd7 7. c3 Ngf6 8.
N4g3 Bg6 9. Nf4 Bd6 10. Nxg6 hxg6 11. Be2 Qc7 12. Bg5 Nd5 13. Ne4 Bf4 14. g3
Bxg5 15. Nxg5 N7f6 16. h4 Nh7 17. Ne4 Nhf6 18. Nc5 Nd7 19. Nd3 Qa5 20. Kf1 N5f6
21. Kg2 O-O 22. a4 Rfe8 23. Rhe1 e5 24. b4 Qc7 25. dxe5 Nxe5 26. Nxe5 Rxe5 27.
Bd3 Rae8 28. Rxe5 Qxe5 29. Rc1 a5 30. b5 Qc5 31. bxc6 bxc6 32. Rc2 Re1 33. Rb2
Re8 34. Rb7 Rd8 35. Bc2 Rd7 36. Rb8+ Kh7 37. Bb3 Qd6 38. Rc8 Rc7 39. Rxc7 Qxc7
40. Qd3 Kh8 41. Qc4 Kg8 42. Qc5 Ne4 43. Qd4 Nd6 44. Qe5 c5 45. Bd5 Kf8 46. Qe2
Nc8 47. Qa6 Nb6 48. Qxa5 Nxd5 49. Qa8+ Ke7 50. Qxd5 Qa5 51. Qc4 f5 52. Kf3 Qa8+
53. Ke3 Kd6 54. f3 Qe8+ 55. Kd2 Qa8 56. Kc2 Qe8 57. Qa6+ Kc7 58. Qa5+ Kd6 59.
Qb6+ Kd5 60. Qb5 Qe7 61. a5 Qe3 62. Qd3+ 1-0

[Event "20. Open d'escacs de Sants 2018"]
[Site "Barcelona ESP"]
[Date "2018.08.25"]
[Round "9.6"]
[White "NISIPEANU, Liviu-Dieter"]
[Black "KRISHNA, C R G."]
[Result "1-0"]
[WhiteElo "2657"]
[BlackElo "2402"]
[PlyCount "83"]
[EventDate "2018.08.17"]
[EventType "swiss"]
[EventRounds "10"]
[EventCountry "ESP"]
[SourceTitle "Ajedrez en Madrid"]
[Source "lmi"]
[SourceDate "2018.08.17"]
[SourceVersion "1"]
[SourceVersionDate "2019.07.10"]
[SourceQuality "1"]

1. e4 e6 2. d4 d5 3. Nd2 Nf6 4. e5 Nfd7 5. Ngf3 c5 6. c3 Nc6 7. Bd3 Qb6 8. O-O
cxd4 9. cxd4 Nxd4 10. Nxd4 Qxd4 11. Nf3 Qb6 12. a3 Nc5 13. Be3 Qd8 14. Bc2 Be7
15. Rc1 Bd7 16. b4 Ne4 17. Nd4 Rc8 18. Qg4 g6 19. Bxe4 h5 20. Qf3 dxe4 21. Qxe4
Rxc1 22. Rxc1 Qb8 23. Qc2 Qxe5 24. Nf3 Qb8 25. Bd4 O-O 26. Qd2 Kh7 27. Ng5+
Bxg5 28. Qxg5 e5 29. Bxe5 Qd8 30. Bf6 Qb6 31. h3 Re8 32. Qf4 Bf5 33. Bd4 Qd8
34. Bxa7 Re7 35. Be3 Rd7 36. Kh2 Kg8 37. b5 Rd5 38. a4 Be6 39. b6 Qd6 40. Qxd6
Rxd6 41. a5 Rd7 42. Bf4 1-0

[Event "20. Open d'escacs de Sants 2018"]
[Site "Barcelona ESP"]
[Date "2018.08.25"]
[Round "9.7"]
[White "AGUERO JIMENEZ, Luis Lazaro"]
[Black "PETROV, Nikita"]
[Result "0-1"]
[WhiteElo "2482"]
[BlackElo "2591"]
[PlyCount "84"]
[EventDate "2018.08.17"]
[EventType "swiss"]
[EventRounds "10"]
[EventCountry "ESP"]
[SourceTitle "Ajedrez en Madrid"]
[Source "lmi"]
[SourceDate "2018.08.17"]
[SourceVersion "1"]
[SourceVersionDate "2019.07.10"]
[SourceQuality "1"]

1. e4 e5 2. Nf3 Nc6 3. Bb5 a6 4. Ba4 b5 5. Bb3 g6 6. d4 exd4 7. c3 Bg7 8. cxd4
Nge7 9. d5 Na5 10. Bc2 d6 11. Nc3 O-O 12. O-O b4 13. Ne2 Bg4 14. Ng3 Nc4 15. h3
Bxf3 16. Qxf3 c6 17. Bb3 Nb6 18. Bg5 cxd5 19. Rab1 h6 20. Bf6 dxe4 21. Nxe4 d5
22. Bxg7 dxe4 23. Qxe4 Kxg7 24. Rfd1 Qc7 25. Rbc1 Qa7 26. Qf4 Rac8 27. Rxc8
Nbxc8 28. Rd8 Nf5 29. Qe5+ f6 30. Qd5 Rxd8 31. Qxd8 Nfe7 32. g3 a5 33. Bc4 Qc5
34. b3 Qe5 35. f4 Qe3+ 36. Kg2 h5 37. Kh2 Qf2+ 38. Kh1 Qf3+ 39. Kh2 Qf2+ 40.
Kh1 Qxg3 41. Qe8 Qxh3+ 42. Kg1 Qe3+ 0-1

[Event "20. Open d'escacs de Sants 2018"]
[Site "Barcelona ESP"]
[Date "2018.08.25"]
[Round "9.9"]
[White "CRUZ, Jonathan"]
[Black "ESIPENKO, Andrey"]
[Result "0-1"]
[WhiteElo "2420"]
[BlackElo "2589"]
[PlyCount "44"]
[EventDate "2018.08.17"]
[EventType "swiss"]
[EventRounds "10"]
[EventCountry "ESP"]
[SourceTitle "Ajedrez en Madrid"]
[Source "lmi"]
[SourceDate "2018.08.17"]
[SourceVersion "1"]
[SourceVersionDate "2019.07.10"]
[SourceQuality "1"]

1. e4 e5 2. Nf3 Nc6 3. Bb5 g6 4. c3 a6 5. Ba4 Bg7 6. d4 exd4 7. cxd4 b5 8. Bb3
Nge7 9. Nc3 d6 10. h3 O-O 11. Bg5 h6 12. Bh4 Na5 13. Nd5 g5 14. Bxg5 hxg5 15.
Nxg5 Nf5 16. Qh5 Nh6 17. Qg6 Re8 18. Qh7+ Kf8 19. Nxf7 Kxf7 20. Rc1 Nxb3 21.
Rxc7+ Bd7 22. e5 Nxd4 0-1

[Event "20. Open d'escacs de Sants 2018"]
[Site "Barcelona ESP"]
[Date "2018.08.25"]
[Round "9.10"]
[White "SVETUSHKIN, Dmitry"]
[Black "SOCHACKI, Christophe"]
[Result "0-1"]
[WhiteElo "2580"]
[BlackElo "2455"]
[PlyCount "80"]
[EventDate "2018.08.17"]
[EventType "swiss"]
[EventRounds "10"]
[EventCountry "ESP"]
[SourceTitle "Ajedrez en Madrid"]
[Source "lmi"]
[SourceDate "2018.08.17"]
[SourceVersion "1"]
[SourceVersionDate "2019.07.10"]
[SourceQuality "1"]

1. e4 e5 2. Nf3 Nf6 3. d4 Nxe4 4. Bd3 d5 5. dxe5 Nc5 6. Nc3 c6 7. O-O Be7 8.
Re1 O-O 9. Nd4 Nxd3 10. Qxd3 Na6 11. Qg3 Bh4 12. Qf3 Bg5 13. Nce2 Nc5 14. Qh5
Bxc1 15. Raxc1 f6 16. Ng3 g6 17. Qh6 fxe5 18. Rxe5 Qf6 19. Nf3 Ne6 20. Rce1 Bd7
21. h4 Rae8 22. Qe3 a6 23. Qb6 Rb8 24. c4 Nf4 25. Re7 Nxg2 26. Rxd7 Nxe1 27.
Nxe1 Qe6 28. Rc7 Qxe1+ 29. Kg2 Rf6 30. cxd5 Rbf8 31. Qxb7 Rxf2+ 32. Kh3 Qe5 33.
Re7 Qd4 34. dxc6 h5 35. Qb3+ R8f7 36. Qb8+ Rf8 37. Qb3+ R8f7 38. Qb8+ Kg7 39.
Rxf7+ Rxf7 40. c7 Qd7+ 0-1

[Event "20. Open d'escacs de Sants 2018"]
[Site "Barcelona ESP"]
[Date "2018.08.25"]
[Round "9.11"]
[White "FERNANDEZ CARDOSO, Alexey"]
[Black "SVIRIDOV, Valery"]
[Result "0-1"]
[WhiteElo "2403"]
[BlackElo "2528"]
[PlyCount "100"]
[EventDate "2018.08.17"]
[EventType "swiss"]
[EventRounds "10"]
[EventCountry "ESP"]
[SourceTitle "Ajedrez en Madrid"]
[Source "lmi"]
[SourceDate "2018.08.17"]
[SourceVersion "1"]
[SourceVersionDate "2019.07.10"]
[SourceQuality "1"]

1. e4 d6 2. d4 Nf6 3. Nc3 g6 4. f3 Bg7 5. Be3 c6 6. Qd2 b5 7. O-O-O Nbd7 8. Bh6
Bxh6 9. Qxh6 b4 10. Nce2 e5 11. h4 Qe7 12. g4 a5 13. h5 Ba6 14. Nh3 a4 15. hxg6
fxg6 16. Kb1 a3 17. b3 Bxe2 18. Bxe2 exd4 19. Qd2 O-O 20. Ng5 c5 21. Bc4+ Kh8
22. Rh4 Ne5 23. Be2 Rg8 24. Rdh1 Rg7 25. R4h2 Re8 26. Nh3 Nexg4 27. Rg2 Ne3 28.
Rgg1 d5 29. exd5 Nfxd5 30. Bd3 Qf6 31. Ng5 Nc3+ 32. Ka1 Ree7 33. Qh2 Qe5 34. f4
Qc7 35. Qf2 Ncd5 36. Nxh7 Rxh7 37. Bxg6 Qxf4 38. Bxh7 Rxh7 39. Rxh7+ Kxh7 40.
Qe2 Nf6 41. Qa6 Neg4 42. Qa7+ Kg6 43. Qxc5 Qf2 44. Rc1 Ne3 45. Kb1 d3 46. Qxb4
d2 47. Qxa3 d1=Q 48. Rxd1 Qxc2+ 49. Ka1 Nxd1 50. b4 Nc3 0-1